00373nam a2200145Ia 4500008004100000020001500041041000800056082001500064100002100079245003600100250000600136260004400142300001300186650002800199210716s1995 xx 000 0 und d a0314044523 aeng a658.4 DAFR aDaft, Richard L. aOrganization theory and design. a5 aNew YorkbWest publishing companyc1995 axxv, 611 aOrganisational Behavior